00797cam a22002297a 4500003000500000005001700005008004100022010001000063011001000073035001000083040000900093100003000102245010000132260004100232300001900273502011700292650002300409650002400432650003600456650004200492700003300534CHAP20220817043413.0971125d1997 mx a r 00110 spa d a74526 a75498 a85062 cCHAP00aReyna Izaguirre, Roberto.10aSistema de información arancelariac/por Roberto Reyna Izaguirre y Eduardo Bustamante Salgado aChapingo, Méx. :bEl autor,c1997. a77 h. :bilus. aTesis (Lic. en Comercio Internacional de Productos Agropecuarios) -- UACH. Departamento de Economía Agrícola14aAranceleszMexico.14aComerciozMéxico.24aPolítica comercialzMéxico.24aTratado Trilateral de Libre Comercio.0 aBustamante Salgado, Eduardo.